000 00554nam a2200241Ia 4500
003 OSt
005 20220912145510.0
006 a|||||r|||| 00| 0
007 ta
008 220909b |||||||| |||| 00| 0 eng d
024 _a68733
037 _cTextual
040 _aCSL
_beng
_cCSL
041 _aeng
082 _aIwM51, J9;1
100 _aZeijlstra H H
245 0 _aMelchior treub
260 _c1959
300 _ap.
_ccm.
650 _aBotany
942 _hIwM51, J9;1
_cTEXL
_2CC
999 _c33180
_d33180